| 000 | 00864nam a22002177a 4500 | ||
|---|---|---|---|
| 003 | 0 | ||
| 005 | 20250116160712.0 | ||
| 008 | 250116b xxu||||| |||| 00| 0 eng d | ||
| 050 |
_aHD 8039 _b.Sm64 2024 |
||
| 100 | _aSmith, Aiza M. | ||
| 245 |
_aLife satisfaction and goal adjustment of overseas filipino workers (ofw) extending employment in Dubai _cAiza M. Smith |
||
| 260 |
_aLas Pinas City _bSouthville International School and Colleges _c2024 |
||
| 300 |
_ax, 273 pages : _billustrations ; _c28cm. |
||
| 504 | _aIncludes bibliographical references and appendices. | ||
| 650 | _aOverseas Filipino workers—Employment—Dubai. | ||
| 650 | _aLife satisfaction—Filipinos—Dubai. | ||
| 650 | _aGoal adjustment—Psychological aspects. | ||
| 650 | _aMigrant workers—Psychology | ||
| 650 | _aLabor migration—United Arab Emirates. | ||
| 942 |
_2lcc _cTH |
||
| 999 |
_c367000 _d367000 |
||